|
|
|
|
| LEADER |
00000nam0a2200000 4500 |
| 001 |
91565 |
| 005 |
20231031104136.0 |
| 020 |
|
|
|a RU
|b 87-75443
|
| 035 |
|
|
|a (RuTPU)RU\TPU\book\98153
|
| 090 |
|
|
|a 91565
|
| 100 |
|
|
|a 20060227d1987 k y0rusy5003 ca
|
| 101 |
0 |
|
|a rus
|
| 102 |
|
|
|a RU
|
| 105 |
|
|
|a a z 001zy
|
| 200 |
1 |
|
|a Жаропрочные материалы на основе водных керамических вяжущих суспензий
|f П. Л. Митякин, О. М. Розенталь
|g Сибирское отделение АН СССР; Институт химии твердого тела и переработки минерального сырья
|
| 210 |
|
|
|a Новосибирск
|c Наука
|d 1987
|
| 215 |
|
|
|a 174 с.
|c ил.
|
| 320 |
|
|
|a Библиогр.: с. 156-172
|
| 610 |
1 |
|
|a жаропрочные материалы
|
| 610 |
1 |
|
|a вяжущие материалы
|
| 610 |
1 |
|
|a суспензии
|
| 610 |
1 |
|
|a водные керамические вяжущие суспензии
|
| 610 |
1 |
|
|a ВКВС
|
| 610 |
1 |
|
|a реологические свойства
|
| 610 |
1 |
|
|a кинетика
|
| 610 |
1 |
|
|a структурообразование
|
| 610 |
1 |
|
|a керамобетоны
|
| 610 |
1 |
|
|a прочность
|
| 610 |
1 |
|
|a пористость
|
| 610 |
1 |
|
|a термостойкость
|
| 610 |
1 |
|
|a теплопроводность
|
| 675 |
|
|
|a 666.76
|z rus
|v 3
|
| 700 |
|
1 |
|a Митякин
|b П. Л.
|g Павел Леонидович
|4 070
|
| 701 |
|
1 |
|a Розенталь
|b О. М.
|g Олег Моисеевич
|4 070
|
| 712 |
0 |
2 |
|a Академия наук СССР (АН СССР)
|b Сибирское отделение (СО)
|b Институт химии твердого тела и переработки минерального сырья (ИХТТПМС)
|c (Новосибирск)
|2 stltpush
|3 (RuTPU)RU\TPU\col\11799
|
| 801 |
|
0 |
|a RU
|b RuMRKP
|c 19950417
|g psbo
|
| 801 |
|
1 |
|a RU
|b 63413507
|c 20060227
|g PSBO
|
| 801 |
|
2 |
|a RU
|b 63413507
|c 20080118
|g PSBO
|
| 942 |
|
|
|c BK
|